000 00681nam a22002177a 4500
003 UA-OsUOA
001 63671
007 ta
008 20091013b un ||||| |||| 00| 0 ukr d
090 _a311.313(477.8)
_bЖ74
942 _cBK
040 _aUA-OsUOA
_bukr
_cUA-OsUOA
_dUA-OsUOA
245 _aЖитлові умови Рівненської області
_bСтатистичний збірник за 2008 рік
_cМішенкова Л. С.
300 _a74 с.
955 _a2
041 _aukr
080 _a311.313(477.8)
260 _aРівне
_c2009
650 7 _a311 Статистика як наука. Теорія статистики
_2UDC
999 _c349688
_d349688